Top 10 Oldest Living Pro-Bowlers - Statistics

General Stats
  • This quiz has been taken 3 times
  • The average score is 1 of 10
Answer Stats
Age Player % Correct
100 Charley Trippi
67%
97 Dub Jones
33%
90 Jim Ray Smith
33%
91 Billy Howton
0%
90 Cotton Davidson
0%
93 Gene Schroeder
0%
93 Hugh McElhenny
0%
90 Joe Schmidt
0%
97 Johnny Lujack
0%
92 Leo Sanford
0%
No matching quizzes found
Score Distribution
Percent of People with Each Score
Percentile by Number Answered
Your Score History
You have not taken this quiz